| 000 | 00632nam a22001937a 4500 | ||
|---|---|---|---|
| 005 | 20180831113931.0 | ||
| 010 | _aENG-123944 | ||
| 020 |
_a9780199481071 _c495.00 |
||
| 035 | _aEN-107476 | ||
| 037 | _bDBAD/PUB | ||
| 082 | _a330.954 | ||
| 245 | _aQuarter century of liberalisation in india / | ||
| 260 |
_c2018 _aNew Delhi _bOxford University Press |
||
| 270 |
_a2/11, Ground Floor, Ansari Road, Daryaganj, _bNew Delhi _e110002 |
||
| 300 |
_c22cm(Hb) _axiii,244p. |
||
| 500 | _aEssays from economic & political weekly | ||
| 500 | _aIt includes about the contributors | ||
| 942 |
_cEN _2ddc _h330.954 _mQUA |
||
| 999 |
_c156759 _d156759 |
||